| 000 | 00519nam a22001817a 4500 | ||
|---|---|---|---|
| 003 | LK-CoDNM | ||
| 005 | 20251112135735.0 | ||
| 008 | 251112b |||||||| |||| 00| 0 eng d | ||
| 020 | _a9786240026925 | ||
| 040 |
_aLK-CoDNM _dLK-CoDNM _eLK-CoDNM |
||
| 080 |
_aX8C1 _bBAL |
||
| 100 | _aබාලසූරිය,පෘථිවි අයේශ්නේත | ||
| 245 | _aපත් හැලෙන සමය වුව | ||
| 260 |
_acolombo _bgodage _c2024 |
||
| 300 | _a104p,212cm | ||
| 650 | _aකවි | ||
| 942 | _cBK | ||
| 999 |
_c240337 _d240337 |
||